Кулинарные рецепты. Из "Книги о вкусной и здоровой пище"

Dades bibliogràfiques
Altres autors: Воробьева Л. И. Людмила Ивановна (составитель)
Idioma:rus
Publicat: Москва, Агропромиздат, 1985
Edició:3-е изд., перераб. и доп.
Matèries:
Format: MixedMaterials Llibre
KOHA link:https://koha.lib.tpu.ru/cgi-bin/koha/opac-detail.pl?biblionumber=288217

MARC

LEADER 00000nam0a2200000 4500
001 288217
005 20231102000051.0
020 |a RU  |b 85-72660 
035 |a (RuTPU)RU\TPU\book\312672 
090 |a 288217 
100 |a 20150323d1985 m y0rusy5003 ca 
101 0 |a rus 
102 |a RU 
105 |a y z 000zy 
200 1 |a Кулинарные рецепты. Из "Книги о вкусной и здоровой пище"  |f сост. Л. И. Воробьева 
205 |a 3-е изд., перераб. и доп. 
210 |a Москва  |c Агропромиздат  |d 1985 
215 |a 335 с. 
606 1 |a Кулинария  |x Рецептура  |2 stltpush  |3 (RuTPU)RU\TPU\subj\16731  |9 42668 
610 1 |a пища 
610 1 |a приготовление 
610 1 |a кулинарные рецепты 
610 1 |a консервирование 
675 |a 641.5  |z rus  |v 3 
702 1 |a Воробьева  |b Л. И.  |g Людмила Ивановна  |4 220 
801 0 |a RU  |b RuMRKP  |c 19950704  |g psbo 
801 1 |a RU  |b 63413507  |c 20150323 
801 2 |a RU  |b 63413507  |c 20180122  |g RCR 
942 |c BK